The Zapotecs : princes, priests, and peasants /

Bibliographic Details
Main Author: Whitecotton, Joseph W., 1937-
Format: Book
Language:English
Published: Norman : University of Oklahoma Press, [1977]
Edition:1st ed.
Subjects:

MARC

Tag First Indicator Second Indicator Subfields
LEADER 00000pam a2200000 i 4500
001 in00000340511
005 20151011055452.0
008 761129s1977 okua b 00110 eng
010 |a  76062508  
020 |a 080611374X 
035 |a (OCoLC)02644673 
035 |9 ABM3212AM 
040 |a DLC  |c DLC  |d TXA  |d UtOrBLW 
043 |a n-mx--- 
049 |a TXAM  |c [1395080] 
050 0 0 |a F1221.Z3  |b W48 
082 0 |a 970/.004/97 
100 1 |a Whitecotton, Joseph W.,  |d 1937- 
245 1 4 |a The Zapotecs :  |b princes, priests, and peasants /  |c by Joseph W. Whitecotton. 
250 |a 1st ed. 
264 1 |a Norman :  |b University of Oklahoma Press,  |c [1977] 
264 4 |c ©1977 
300 |a xiv, 338 pages :  |b illustrations ;  |c 24 cm. 
336 |a text  |b txt  |2 rdacontent 
337 |a unmediated  |b n  |2 rdamedia 
338 |a volume  |b nc  |2 rdacarrier 
500 |a Includes index. 
504 |a Bibliography: pages 327-332. 
650 0 |a Zapotec Indians. 
999 |a MARS 
999 f f |s 8df4b43f-a243-3add-b979-e9467ebc7941  |i e6763415-6121-3dbb-b08a-45c10875004e  |t 0 
952 f f |p ric  |a Texas A&M University  |b Rellis Campus  |c Joint Library Facility  |d Remote Storage  |t 0  |e F1221.Z3 W48  |h Library of Congress classification  |i unmediated -- volume  |m A14802339012 
998 f f |a F1221.Z3 W48  |t 0  |l Remote Storage